| 000 | 00904nam a2200277Ia 4500 | ||
|---|---|---|---|
| 003 | OSt | ||
| 005 | 20221005061951.0 | ||
| 006 | a|||||r|||| 00| 0 | ||
| 007 | ta | ||
| 008 | 221004b |||||||| |||| 00| 0 eng d | ||
| 020 |
_a9781138789227 (pbk) _c3089.90 |
||
| 024 | _a26098 | ||
| 037 |
_b1788, 22/03/2016, The Book Seller _cTextual |
||
| 040 |
_aCRL _cCRL _beng |
||
| 041 |
_2eng _aeng |
||
| 082 | _aV1:19, Q6 | ||
| 100 |
_aAmoureux Jack L. Ed. _9601312 |
||
| 245 | 0 |
_aReflexivity and international relations _b Positionality, critique, and practice |
|
| 260 |
_aLondon _bRoutledge UK _c2016 |
||
| 300 |
_axxii, 285p. _ccm. |
||
| 490 | _aNew international relations | ||
| 650 | _aHISTORY | ||
| 700 |
_a Steele Brent J. Ed. _9601313 |
||
| 942 |
_hV1:19, Q6 _cTEXL _2cc |
||
| 999 |
_c969017 _d969017 |
||